Najlepsi piłkarze w historii - Statystyki

Ogólne statystyki
  • Ten quiz został rozwiązany 217 razy
  • Średni wynik to 22 z 100
Statystyki odpowiedzi
Na jaką literę Płkarze % Poprawnych
M Messi
97%
M Maradona
91%
R Ronaldo
90%
P Pele
89%
C Cristiano Ronaldo
67%
L Lewandowski
65%
Z Zidane
64%
M Mbappé
56%
R Ronaldinho
56%
X Xavi
53%
N Neymar
52%
C Cruyff
51%
I Iniesta
48%
S suarez
44%
M Maldini
41%
M Modric
41%
M Muller
40%
V Van basten
39%
B Buffon
37%
C Carlos
35%
G Gullit
35%
P Puskas
35%
K Kaka
32%
Y Yashin
32%
B Beckenbauer
31%
B Beckham
31%
F Figo
31%
R Ramos
31%
D Di stefano
30%
K Kroos
30%
R Rivaldo
30%
Z Zico
30%
B Best
29%
P Pirlo
29%
G Garrincha
28%
P Platini
28%
C Cannavaro
27%
D Drogba
27%
E Eusebio
27%
P Puyol
27%
N Nedved
20%
R Romario
20%
G Baggio
19%
K Klose
19%
N Nesta
18%
C Charlton
17%
M Matthaus
17%
T Torres
17%
S Socrates
16%
Z Zanetti
16%
C Cantona
15%
T Totti
15%
B Baresi
14%
G Giggs
14%
H Hagi
14%
V Vidic
13%
E Etoo
12%
L Laudrup
12%
W Weah
12%
M Makelele
11%
S Suker
11%
B Bergkamp
10%
K Kahn
10%
S Sanchez
10%
S Schearer
10%
D Desailly
9%
R Rijkaard
9%
S Seedorf
9%
S Stoichkov
9%
T Terry
7%
D Dalglish
6%
H Hierro
6%
K Kluivert
6%
Z Zoff
6%
K Kempes
5%
M Moreno
5%
L Lachm
4%
M Mazzola
4%
O Okocha
4%
R Rummenigge
4%
S Sammer
4%
B Batistuta
3%
C Casllas
3%
K Kocsis
2%
L Littbarski
2%
M Maier
2%
M Meazza
2%
N Nistelrooy
2%
B Banks
1%
C Cubillas
1%
F Facchetti
1%
N Neeskens
1%
T Tigana
1%
A Altafini
0%
B Bergomi
0%
C Coluna
0%
H Huntelaar
0%
S Sansom
0%
S Scirea
0%
Nie znaleziono quizów pasujących do podanych kryteriów
Rozkład punktacji
Procent ludzi z każdym wynikiem
Percentyl według liczby udzielonych odpowiedzi
Twoja historia wyników
Nie rozwiązałeś tego quizu